000 00540nam a2200193Ia 4500
005 20260114185709.0
008 008 260114s9999 xx 000 0 eng d
020 _a9781350390249
037 _aEBOOK
040 _aCRL
_beng
_cCRL
041 _aeng
_2eng
084 _qCRL
100 _aRoger Bartlett
_9873280
245 2 _aA History of Russia
260 _bBloomsbury
_c2005
856 _uhttps://doi.org/10.1007/978-1-137-04372-6?locatt=label:secondary_bloomsburyCollections
942 _cEBOOK
999 _c1472228
_d1472228